| Tag |
First Indicator |
Second Indicator |
Subfields |
| LEADER |
00000cam a22000008a 4500 |
| 001 |
in00000997613 |
| 005 |
20150927153320.0 |
| 008 |
891122s1990 flu 00100 eng |
| 010 |
|
|
|a 89070855
|
| 020 |
|
|
|a 0849371198
|
| 035 |
|
|
|a (OCoLC)20758209
|
| 035 |
|
|
|9 AEX9583AM
|
| 040 |
|
|
|a DLC
|c DLC
|d TXA
|d UtOrBLW
|
| 049 |
|
|
|a TXAM
|
| 050 |
0 |
0 |
|a QP517.M65
|b M65 1990
|
| 082 |
0 |
0 |
|a 574.8/8
|2 20
|
| 245 |
0 |
0 |
|a Molecular dynamics :
|b applications in molecular biology /
|c edited by Julia M. Goodfellow.
|
| 263 |
|
|
|a 9012
|
| 264 |
|
1 |
|a Boca Raton, Fla. :
|b CRC Press,
|c 1990.
|
| 300 |
|
|
|a 200 pages :
|b illustrations
|
| 336 |
|
|
|a text
|b txt
|2 rdacontent
|
| 337 |
|
|
|a unmediated
|b n
|2 rdamedia
|
| 338 |
|
|
|a volume
|b nc
|2 rdacarrier
|
| 490 |
1 |
|
|a Topics in molecular and structural biology
|
| 504 |
|
|
|a Includes bibliographical references and index.
|
| 650 |
|
0 |
|a Molecular dynamics.
|
| 650 |
|
0 |
|a Biomolecules
|x Structure.
|
| 700 |
1 |
|
|a Goodfellow, Julia M.
|
| 830 |
|
0 |
|a Topics in molecular and structural biology (Boca Raton, Fla.)
|
| 999 |
|
|
|a MARS
|
| 999 |
f |
f |
|s 68ce1f56-4504-3bc5-911d-fc1c4c399826
|i 2e910ead-c94c-3fe7-badd-2de3861a8ab5
|t 0
|
| 952 |
f |
f |
|p ric
|a Texas A&M University
|b Rellis Campus
|c Joint Library Facility
|d Remote Storage
|t 0
|e QP517.M65 M65 1990
|h Library of Congress classification
|i unmediated -- volume
|m A14813780967
|
| 998 |
f |
f |
|a QP517.M65 M65 1990
|t 0
|l Remote Storage
|